| 000 | 00595nam a22001817a 4500 | ||
|---|---|---|---|
| 020 | _qHard Cover. | ||
| 082 | _a621.3 | ||
| 100 | _aMuhammad ad Awais Ehsan. | ||
| 245 |
_aTest Bench Development for a series HEV / _cMuhammad ad Awais Ehsan. |
||
| 260 |
_aIslamabad : _bSEECS - NUST, _c2014. |
||
| 300 |
_a43 p. : ill. ; _c30cm. |
||
| 563 | _aa | ||
| 650 |
_aElectrical Engineering-Project Report. _930780 |
||
| 700 |
_aDr. Awais M. Kamboh _930801 |
||
| 856 | _uhttp://10.250.8.41:8080/xmlui/handle/123456789/9477 | ||
| 942 |
_2ddc _cPR |
||
| 999 |
_c536223 _d536223 |
||